Music Quiz

Random Music or Rock Quiz

Rock Groups of the 70s, 80s, and 90s Quiz Stats

 Plays Quiz not verified by Sporcle

Challenge
Share
Tweet
Embed
Score 0/30 Timer 07:00
0 Plays Today
Song Artist % Correct
Enter SandmanMetallica
92.4%
Back In BlackAC
91.1%
Welcome to the JungleGuns N' Roses
88.8%
(I Can't Get No) SatisfactionThe Rolling Stones
87%
JumpVan Halen
85%
Iron ManBlack Sabbath
83.5%
School's OutAlice Cooper
82.9%
Every Breath You TakeThe Police
81.3%
Pour Some Sugar On MeDef Leppard
77.8%
Every Rose Has Its ThornPoison
77.4%
Crazy TrainOzzy Osbourne
77.1%
BarracudaHeart
74.7%
Tom SawyerRush
71.3%
Should I Stay Or Should I GoThe Clash
69%
The Number of the BeastIron Maiden
68.7%
Song Artist % Correct
Dr. FeelgoodMotley Crue
67.8%
Cum on Feel the NoizeQuiet Riot
66.9%
Day TripperThe Beatles
65.3%
Even FlowPearl Jam
64.6%
Hit Me With Your Best ShotPat Benatar
63.5%
It's the End of the World As We Know It (And I Feel Fine)R.E.M.
63.1%
No Sleep Till BrooklynBeastie Boys
58.6%
OneU2
56%
You've Got Another Thing Comin'Judas Priest
50.5%
RunawayBon Jovi
48.2%
RoosterAlice In Chains
48.1%
Symphony of DestructionMegadeth
41.3%
My Name Is JonasWeezer
37.6%
31%
City On Flames With Rock & RollBlue Oyster Cult
16.1%

You're not logged in!

Compare scores with friends on all Sporcle quizzes.
Join for Free
OR
Log In

You Might Also Like...

Show Comments

Extras

Created Apr 25, 2012ReportFavoriteNominate
Tags:Rock Quiz, metal

Top Quizzes Today


Score Distribution

Your Account Isn't Verified!

In order to create a playlist on Sporcle, you need to verify the email address you used during registration. Go to your Sporcle Settings to finish the process.

Report this User

Report this user for behavior that violates our Community Guidelines.

Details: